ELEMENTOS DE TEORIA POLITICA /

INCLUYE INDICES

-д хадгалсан:
Номзүйн дэлгэрэнгүй
Үндсэн зохиолч: Sartori, Giovanni (autor)
Формат: Ном
Цуврал:(Alianza Universidad Textos ; 142)
Нөхцлүүд:
Шошгууд: Шошго нэмэх
Шошго байхгүй, Энэхүү баримтыг шошголох эхний хүн болох!

MARC

LEADER 00000nam^a2200000^a^4500
001 000215999
005 20250521000000.0
009 20260310103640.982
020 |a 84-206-8142-3 
035 |a 047104 
037 |a Acervo Xavier Clavigero 
082 |a 320. 01  |b SAR 
100 |a Sartori, Giovanni  |e (autor) 
245 1 0 |a ELEMENTOS DE TEORIA POLITICA /  |c GIOVANNI SARTORI; TR. MARIA LUZ MORAN 
264 |a MADRID :  |b ALIANZA,  |c 1992 
300 |a 321p. 
336 |a texto  |b txt  |2 rdacontenido 
337 |a sin mediación  |b n  |2 rdamedio 
338 |a volumen  |b nc  |2 rdasoporte 
440 |a (Alianza Universidad Textos ;  |v 142) 
520 |a INCLUYE INDICES 
649 |a XX 
650 |a Filosofía Política 
910 |a Fondo General 
920 |a Impresos - Libros 
930 |a Colección General 
905 |a 101 
901 |a 047104  |b IT1  |c ACC  |i 047104  |u 20250521 
902 |a https://opac.biblio.iteso.mx/vufind/Record/000215999